| 000 | 00988nam a2200265Ia 4500 | ||
|---|---|---|---|
| 003 | OSt | ||
| 005 | 20220930080743.0 | ||
| 006 | a|||||r|||| 00| 0 | ||
| 007 | ta | ||
| 008 | 220926b |||||||| |||| 00| 0 eng d | ||
| 024 | _a94411 | ||
| 037 | _cTheses | ||
| 040 |
_aCRL _cCRL _beng |
||
| 041 |
_2eng _aeng |
||
| 100 |
_aAngrup Archana _9539806 |
||
| 110 |
_aUniversity of Delhi. Faculty of Medical Sciences. Department of Medical Microbiology _9519677 |
||
| 245 | 0 | _aDrug resistance profiling and molecular typing of mycobacterium tuberculosis isolates from a dots centre and a private hospital in Delhi | |
| 260 | _c2007 | ||
| 650 | _aMIRCOBIOLOGY | ||
| 700 |
_a Dr. Mandira Verma Basil Gu. _9539807 |
||
| 700 |
_a Prof. Mridula Bose Gu. _9535523 |
||
| 700 |
_aUniversity of Delhi. Faculty of Medical Sciences. Department of Medical Microbiology _9519679 |
||
| 942 |
_cDIS _2CC |
||
| 999 |
_c870393 _d870393 |
||